[Event "NRW Class1 1516"]
[Site "Germany"]
[Date "2016.04.03"]
[Round "8.3"]
[White "Sponheim, Marko"]
[Black "Paalman, Henk Jan"]
[Result "1/2-1/2"]
[WhiteElo "1972"]
[BlackElo "2128"]
[PlyCount "50"]
[EventDate "2015.09.27"]
[EventType "team-tourn"]
[EventRounds "9"]
[EventCountry "GER"]
[SourceTitle "EXT 2017"]
[Source "ChessBase"]
[SourceDate "2016.10.25"]
[SourceVersion "1"]
[SourceVersionDate "2016.10.25"]
[SourceQuality "1"]
[WhiteTeam "Duisburg"]
[BlackTeam "Emsdetten Rochade"]
[WhiteTeamCountry "GER"]
[BlackTeamCountry "GER"]

1. e4 e6 2. d4 d5 3. Nc3 Nf6 4. exd5 exd5 5. Bd3 h6 6. Nf3 Bd6 7. 0-0 0-0 8. h3 Nc6 9. Re1 Nb4 10. Nb5 Nxd3 11. Qxd3 Bb4 12. c3 Be7 13. Bf4 a6 14. Qe2 axb5 15. Qxe7 Qxe7 16. Rxe7 c6 17. a3 Re8 18. Rxe8+ Nxe8 19. Be5 Bf5 20. Re1 f6 21. Bg3 Kf7 22. Nd2 Rd8 23. f3 Nd6 24. Bxd6 Rxd6 25. Kf2 Re6 1/2-1/2

[Event "NRW Class1 1516"]
[Site "Germany"]
[Date "2015.10.25"]
[Round "2.7"]
[White "Loseries, Uwe"]
[Black "Sponheim, Marko"]
[Result "1/2-1/2"]
[WhiteElo "2144"]
[BlackElo "1924"]
[PlyCount "62"]
[EventDate "2015.09.27"]
[EventType "team-tourn"]
[EventRounds "9"]
[EventCountry "GER"]
[SourceTitle "EXT 2017"]
[Source "ChessBase"]
[SourceDate "2016.10.25"]
[SourceVersion "1"]
[SourceVersionDate "2016.10.25"]
[SourceQuality "1"]
[WhiteTeam "Koeln Lasker"]
[BlackTeam "Duisburg"]
[WhiteTeamCountry "GER"]
[BlackTeamCountry "GER"]

1. d4 Nf6 2. c4 c5 3. d5 b5 4. cxb5 a6 5. bxa6 Bxa6 6. Nc3 d6 7. Nf3 Nbd7 8. e4 Bxf1 9. Kxf1 g6 10. g3 Bg7 11. Kg2 0-0 12. Re1 Ng4 13. Nd2 Nge5 14. Qe2 Nb6 15. f4 Ned7 16. a4 Bxc3 17. bxc3 Nxa4 18. c4 Qc7 19. Qd3 Rfb8 20. Re3 Rb4 21. Ba3 Rb7 22. Rae1 f6 23. Nf3 Nab6 24. e5 Rxa3 25. Qxa3 Nxc4 26. exd6 Qxd6 27. Qa8+ Rb8 28. Qc6 Nxe3+ 29. Rxe3 Rb6 30. Qa8+ Rb8 31. Qc6 Rb6 1/2-1/2

[Event "Oberliga NRW 1415"]
[Site "Germany"]
[Date "2014.09.14"]
[Round "1.5"]
[White "Stillger, Bernhard"]
[Black "Sponheim, Marko"]
[Result "1-0"]
[WhiteElo "2193"]
[BlackElo "1948"]
[PlyCount "77"]
[EventDate "2014.09.14"]
[EventType "team-tourn"]
[EventRounds "9"]
[EventCountry "GER"]
[SourceTitle "EXT 2017"]
[Source "ChessBase"]
[SourceDate "2016.10.25"]
[SourceVersion "1"]
[SourceVersionDate "2016.10.25"]
[SourceQuality "1"]
[WhiteTeam "Dinslaken"]
[BlackTeam "Duisburg PSV"]
[WhiteTeamCountry "GER"]
[BlackTeamCountry "GER"]

1. Nf3 c5 2. c4 Nf6 3. Nc3 e6 4. g3 b6 5. Bg2 Bb7 6. 0-0 Be7 7. d4 cxd4 8. Qxd4 Nc6 9. Qf4 d6 10. Rd1 a6 11. b3 Qc7 12. Ba3 Rd8 13. Rac1 Qb8 14. Nd2 0-0 15. Nde4 Nxe4 16. Nxe4 d5 17. Qxb8 Rxb8 18. Bxe7 Nxe7 19. cxd5 Nxd5 20. Nd6 Ba8 21. e4 Nf6 22. f4 Rfd8 23. e5 Bxg2 24. Kxg2 Nd5 25. Kf3 h5 26. a3 f5 27. Rc6 Kf8 28. b4 Ke7 29. Rxd5 exd5 30. Nxf5+ Kf8 31. Nd6 Ke7 32. Rc7+ Rd7 33. Nf5+ Kd8 34. Rc6 Rc8 35. Rxb6 Rc3+ 36. Ke2 Rxa3 37. e6 Rc7 38. Rb8+ Rc8 39. e7+ 1-0

[Event "Dresden ZMD op 23rd"]
[Site "Dresden"]
[Date "2014.08.18"]
[Round "4"]
[White "Jacob, Tobias"]
[Black "Sponheim, Marko"]
[Result "0-1"]
[WhiteElo "1952"]
[BlackElo "2118"]
[PlyCount "56"]
[EventDate "2014.08.15"]
[EventType "swiss"]
[EventRounds "9"]
[EventCountry "GER"]
[SourceTitle "CBM 161 Extra"]
[Source "ChessBase"]
[SourceDate "2014.08.29"]
[SourceVersion "1"]
[SourceVersionDate "2014.08.29"]
[SourceQuality "1"]

1. e4 c5 2. Nf3 d6 3. d4 cxd4 4. Nxd4 Nf6 5. Nc3 a6 6. Bg5 e6 7. f4 Be7 8. Qf3 Qc7 9. 0-0-0 h6 10. Bxf6 Bxf6 11. f5 Bxd4 12. Rxd4 Nc6 13. Rd2 Ne5 14. Qg3 0-0 15. f6 g6 16. Qh4 Kh7 17. Be2 b5 18. g4 Rh8 19. g5 h5 20. Nd1 Bb7 21. Nf2 Rac8 22. Bd1 d5 23. Re1 Qa5 24. a3 Nc4 25. Rde2 b4 26. a4 b3 27. Kb1 Nd2+ 28. Kc1 Nf3 0-1

[Event "NRW Class1 1314"]
[Site "Germany"]
[Date "2014.04.06"]
[Round "8.8"]
[White "Guelsen, Taylan"]
[Black "Sponheim, Marko"]
[Result "1/2-1/2"]
[WhiteElo "2021"]
[BlackElo "2055"]
[PlyCount "68"]
[EventDate "2013.09.15"]
[EventType "team-tourn"]
[EventRounds "9"]
[EventCountry "GER"]
[SourceTitle "EXT 2015"]
[Source "ChessBase"]
[SourceDate "2014.11.20"]
[SourceVersion "1"]
[SourceVersionDate "2014.11.20"]
[SourceQuality "1"]
[WhiteTeam "Niederkassel"]
[BlackTeam "Duisburg PSV"]
[WhiteTeamCountry "GER"]
[BlackTeamCountry "GER"]

1. Nf3 c5 2. c4 Nf6 3. b3 d6 4. g3 Nc6 5. Bb2 e5 6. d3 g6 7. Bg2 Bg7 8. 0-0 0-0 9. e3 Re8 10. d4 exd4 11. exd4 Ne4 12. Nbd2 Bg4 13. Re1 Nxd2 14. Qxd2 Bxf3 15. Bxf3 Nxd4 16. Bxb7 Rb8 17. Rxe8+ Qxe8 18. Re1 Qd7 19. Bd5 Re8 20. Rxe8+ Qxe8 21. Bxd4 Bxd4 22. b4 Qe5 23. b5 h5 24. Kg2 Kg7 25. a4 Bc3 26. Qd1 Bb4 27. Qf3 Qf6 28. Qd1 Qe5 29. Qf3 Qf6 30. h3 Qxf3+ 31. Kxf3 Ba5 32. g4 hxg4+ 33. hxg4 f5 34. Kg3 Bd8 1/2-1/2

[Event "Dresden ZMD op 22nd"]
[Site "Dresden"]
[Date "2013.08.17"]
[Round "8"]
[White "Rudolf, Matthias"]
[Black "Sponheim, Marko"]
[Result "0-1"]
[WhiteElo "2108"]
[BlackElo "2073"]
[PlyCount "70"]
[EventDate "2013.08.10"]
[EventType "swiss"]
[EventRounds "9"]
[EventCountry "GER"]
[SourceTitle "CBM 155 Extra"]
[Source "ChessBase"]
[SourceDate "2013.08.26"]
[SourceVersion "1"]
[SourceVersionDate "2013.08.26"]
[SourceQuality "1"]

1. e4 c5 2. Nf3 d6 3. d4 cxd4 4. Nxd4 Nf6 5. Nc3 a6 6. Be3 e5 7. Nb3 Be6 8. Qd2 Nbd7 9. f3 h5 10. 0-0-0 Qc7 11. Kb1 Be7 12. g3 b5 13. f4 Rb8 14. Nd5 Bxd5 15. exd5 0-0 16. Qa5 Qb7 17. Bg2 Rfc8 18. Qd2 Bd8 19. Rhe1 b4 20. fxe5 Nxe5 21. Bf4 Nc4 22. Qd3 g6 23. Re2 Nd7 24. Re8+ Kg7 25. Nd4 Bf6 26. Rxc8 Rxc8 27. Bc1 Nde5 28. Qe2 a5 29. Nc6 a4 30. Rf1 Qb5 31. Qe4 b3 32. cxb3 axb3 33. a3 Ra8 34. Bh6+ Kxh6 35. Qf4+ Bg5 0-1

[Event "Dresden ZMD op 22nd"]
[Site "Dresden"]
[Date "2013.08.16"]
[Round "7"]
[White "Sponheim, Marko"]
[Black "Juergens, Klaus"]
[Result "0-1"]
[WhiteElo "2073"]
[BlackElo "2148"]
[PlyCount "60"]
[EventDate "2013.08.10"]
[EventType "swiss"]
[EventRounds "9"]
[EventCountry "GER"]
[SourceTitle "CBM 155 Extra"]
[Source "ChessBase"]
[SourceDate "2013.08.26"]
[SourceVersion "1"]
[SourceVersionDate "2013.08.26"]
[SourceQuality "1"]

1. e4 g6 2. d4 Bg7 3. Nc3 d6 4. f4 Nf6 5. Nf3 0-0 6. Be3 b6 7. e5 Ng4 8. Bg1 c5 9. h3 Nh6 10. dxc5 bxc5 11. Qd5 Qb6 12. Qd2 Nc6 13. Rb1 Nf5 14. Nd5 Qb7 15. c3 Ng3 16. Rh2 Nxf1 17. Kxf1 Qa6+ 18. Ke1 Qxa2 19. Rd1 Rb8 20. g3 Be6 21. exd6 exd6 22. Be3 Rb7 23. b4 Bxd5 24. Qxa2 Bxa2 25. Rxa2 Bxc3+ 26. Bd2 Re8+ 27. Kf1 Nxb4 28. Ra5 Bxd2 29. Rxd2 Re3 30. Ne1 Rbe7 0-1

[Event "Dresden ZMD op 22nd"]
[Site "Dresden"]
[Date "2013.08.15"]
[Round "6"]
[White "Rother, Moritz"]
[Black "Sponheim, Marko"]
[Result "0-1"]
[WhiteElo "2136"]
[BlackElo "2073"]
[PlyCount "80"]
[EventDate "2013.08.10"]
[EventType "swiss"]
[EventRounds "9"]
[EventCountry "GER"]
[SourceTitle "CBM 155 Extra"]
[Source "ChessBase"]
[SourceDate "2013.08.26"]
[SourceVersion "1"]
[SourceVersionDate "2013.08.26"]
[SourceQuality "1"]

1. e4 c5 2. Nf3 d6 3. d4 cxd4 4. Nxd4 Nf6 5. Nc3 a6 6. Be3 e5 7. Nb3 Be6 8. Qd2 Nbd7 9. f3 h5 10. 0-0-0 Qc7 11. Be2 Be7 12. Kb1 b5 13. Bxb5 axb5 14. Nxb5 Qc6 15. Nxd6+ Bxd6 16. Qxd6 Qxd6 17. Rxd6 Ke7 18. Rhd1 Rhc8 19. Nc1 Nc5 20. b3 Ncxe4 21. fxe4 Nxe4 22. Rxe6+ Kxe6 23. Kb2 g5 24. a4 f5 25. Bb6 Nc3 26. Re1 Rxa4 27. bxa4 Nxa4+ 28. Kb3 Nxb6 29. Nd3 e4 30. h4 Kf6 31. hxg5+ Kxg5 32. Nf2 Nc4 33. Rd1 Ne3 34. Rd2 Kf4 35. Re2 Nxg2 36. Nxe4 Kf3 37. Rf2+ Kxe4 38. Rxg2 f4 39. Rh2 Rh8 40. Kc3 Ke3 0-1

[Event "NRW Class2 1011"]
[Site "Germany"]
[Date "2011.01.30"]
[Round "6.5"]
[White "Sponheim, Marko"]
[Black "Noetzel, Frank"]
[Result "1/2-1/2"]
[WhiteElo "2046"]
[BlackElo "2269"]
[PlyCount "42"]
[EventDate "2010.09.26"]
[EventType "team-tourn"]
[EventRounds "9"]
[EventCountry "GER"]
[SourceTitle "EXT 2012"]
[Source "ChessBase"]
[SourceDate "2011.11.24"]
[SourceVersion "1"]
[SourceVersionDate "2011.11.24"]
[SourceQuality "1"]
[WhiteTeam "Mettmann Sport"]
[BlackTeam "Elberfeld"]
[WhiteTeamCountry "GER"]
[BlackTeamCountry "GER"]

1. e4 e5 2. Nf3 Nc6 3. d4 exd4 4. Nxd4 g6 5. Nxc6 bxc6 6. Qd4 Qf6 7. Qxf6 Nxf6 8. Bd3 d6 9. b3 Bg7 10. Bb2 0-0 11. 0-0 Re8 12. Nd2 Nxe4 13. Bxe4 Bxb2 14. Bxc6 Bxa1 15. Bxe8 Bg7 16. Bc6 Rb8 17. Re1 Be6 18. Nf3 h6 19. c4 Kf8 20. Nh4 Rb6 21. Be4 Bf6 1/2-1/2

[Event "Niederrhein-ch"]
[Site "Krefeld"]
[Date "2010.04.01"]
[Round "6"]
[White "Zahn, Richard"]
[Black "Sponheim, Marko"]
[Result "0-1"]
[WhiteElo "2080"]
[BlackElo "2051"]
[PlyCount "134"]
[EventDate "2010.03.27"]
[EventType "swiss"]
[EventRounds "7"]
[EventCountry "GER"]
[SourceTitle "EXT 2011"]
[Source "ChessBase"]
[SourceDate "2010.11.26"]
[SourceVersion "1"]
[SourceVersionDate "2010.11.26"]
[SourceQuality "1"]

1. e4 c5 2. Nf3 d6 3. Bb5+ Nd7 4. e5 dxe5 5. Nxe5 Ngf6 6. Qf3 Qc7 7. Bxd7+ Bxd7 8. Nxd7 Qxd7 9. Nc3 e6 10. d3 Be7 11. b3 0-0 12. Bb2 Ne8 13. Ne4 f6 14. 0-0 Nc7 15. a4 e5 16. Nd2 Ne6 17. Nc4 Nd4 18. Bxd4 cxd4 19. Qe4 Rae8 20. f4 exf4 21. Qxf4 Bb4 22. Rad1 Re6 23. Nd2 Qc6 24. Nc4 a6 25. a5 Rd8 26. Qg4 Rd5 27. Qf3 Bxa5 28. Rf2 Bb4 29. Re2 Rd7 30. Qxc6 Rxc6 31. Rf1 Re7 32. Rxe7 Bxe7 33. Re1 Bb4 34. Re2 b5 35. Nb2 Kf7 36. Kf1 a5 37. g3 a4 38. bxa4 bxa4 39. Nxa4 Ra6 40. Nb2 h5 41. Kg2 g5 42. h3 f5 43. Nc4 Kf6 44. Kf2 Re6 45. Rxe6+ Kxe6 46. Ke2 g4 47. hxg4 hxg4 48. Kf2 Bd6 49. Nd2 Kd5 50. Nb3 Be5 51. Nc1 f4 52. gxf4 Bxf4 53. Ne2 Be5 54. Ng3 Kc5 55. Ne4+ Kb4 56. Ke2 Ka3 57. Nd2 Kb4 58. Ne4 Ka3 59. Nd2 Ka2 60. Kd1 Bf4 61. Nb3 Be3 62. Ke2 Kb2 63. Nc5 Kxc2 64. Ne4 Bf4 65. Nf6 g3 66. Kf3 Kxd3 67. Ne4 Kc2 0-1

[Event "Niederrhein-ch"]
[Site "Krefeld"]
[Date "2010.03.31"]
[Round "5"]
[White "Sponheim, Marko"]
[Black "Zahn, Fabian"]
[Result "1-0"]
[WhiteElo "2051"]
[BlackElo "1866"]
[PlyCount "79"]
[EventDate "2010.03.27"]
[EventType "swiss"]
[EventRounds "7"]
[EventCountry "GER"]
[SourceTitle "EXT 2011"]
[Source "ChessBase"]
[SourceDate "2010.11.26"]
[SourceVersion "1"]
[SourceVersionDate "2010.11.26"]
[SourceQuality "1"]

1. e4 e6 2. d4 d5 3. Nd2 dxe4 4. Nxe4 Qd5 5. Nc3 Qa5 6. Bd2 c6 7. Bc4 Nf6 8. Qe2 Qc7 9. Nf3 Bd6 10. Ne5 a5 11. f4 b5 12. Bxb5 cxb5 13. Nxb5 Qe7 14. Nc4 Bc7 15. 0-0 Nc6 16. f5 Nd5 17. Qg4 g6 18. Rae1 Bd7 19. f6 Qf8 20. Nxc7+ Nxc7 21. Bf4 Kd8 22. Bd6 Qe8 23. Bxc7+ Kxc7 24. d5 Nb4 25. Qg3+ Kd8 26. Nb6 Rc8 27. Nxc8 Kxc8 28. Qc3+ Kb7 29. dxe6 Bxe6 30. a3 Nc6 31. b4 axb4 32. axb4 Qd8 33. Rd1 Qb6+ 34. Kh1 Rc8 35. Qf3 Kb8 36. c3 Rc7 37. Rfe1 Qb7 38. Qf4 h5 39. Rxe6 fxe6 40. f7 1-0